|
|
|
|
| LEADER |
00000nab a2200000 a 4500 |
| 001 |
vtls000138716 |
| 003 |
SK-MaSNL |
| 005 |
20260304062041.0 |
| 008 |
250422c1982 xo 0 slo |
| 015 |
|
|
|a SNBRB19rr/mm-uuuuu
|
| 035 |
|
|
|a CL0148822
|
| 035 |
|
|
|a urn:nbn:sk:snk-abdljb
|
| 035 |
|
|
|a (urnnbn)urn:nbn:sk:snk:ar-000v0x
|
| 035 |
|
|
|a (uuid)24ac8f50-4130-4a44-b7eb-ba03f06a3d19
|
| 040 |
|
|
|a SNKBUCL
|b slo
|c SNKBUCL
|e AACR2
|
| 041 |
0 |
|
|a slo
|
| 044 |
|
|
|a xo
|c SK
|
| 080 |
|
|
|a 82:929:860
|2 1981
|
| 080 |
|
|
|a 860
|2 1981
|
| 080 |
|
|
|a 929 Vega, Lope de
|2 1981
|
| 100 |
1 |
|
|a Mittelmann-Dedinský, Móric,
|d 1914-1989
|4 aut
|9 104877
|
| 245 |
1 |
0 |
|a Lope de Vega
|n II
|c M. M. Dedinský
|
| 500 |
|
|
|a V rubrike Veľkí dramatici sveta.
|
| 600 |
1 |
7 |
|a Vega, Lope de,
|d 1562-1635
|2 snkbucl
|9 5795
|
| 655 |
|
7 |
|a články z novín a časopisov
|2 snkbucl
|9 267496
|
| 773 |
0 |
|
|t Javisko
|g Roč. 14, č. 10 (1982), s. 548-550
|
| 850 |
|
|
|a Slovenská národná knižnica
|
| 852 |
|
|
|a Slovenská národná knižnica
|
| 954 |
|
|
|a odborná, vedecká literatúra pôvodná (slovenská)
|2 lita
|
| 958 |
|
|
|a article19
|
| 958 |
|
|
|a OND
|
| 958 |
|
|
|a LX
|
| 958 |
|
|
|a BX
|
| 958 |
|
|
|a ES
|
| 958 |
|
|
|a EUIPO
|
| 992 |
|
|
|a RBX
|
| 999 |
|
|
|c 2736261
|d 2738191
|